000 00432nam a2200169 a 4500
005 20140412111408.0
008 061207s19uu xx 00 eng d
020 _a0-439-98335-5
050 _aM 793.73
_bM84 2002
100 _aMort, Linda
245 _a100 Learning games /
_cLinda Mort.
260 _bScholastic,
_c2002.
_aU.S.A :
300 _a128
500 _afor ages 3-5
650 _aEducational games
999 _c105595
_d105595